000 01803nam a2200265Ia 4500
008 260220t1973||||xx |||||||||||||| ||spa||
020 _a8430059784
040 _aPY-SlUNAC
_bspa
_erda
041 _aspa
082 _a920
_bUl7c
100 _aUlsamer, Isabel
_eAutor
245 0 _aCinco médicos para la historia /
_cpor Isabel Ulsamer [Autor] y Sebastián Pons [Autor]
264 _aBarcelona :
_bVarepsa,
_c℗1973.
300 _a1 volumen
520 _a"Cinco médicos para la historia" de Isabel Ulsamer presenta un análisis biográfico y profesional de cinco figuras emblemáticas de la medicina que han dejado una huella significativa en la historia. A través de una narrativa accesible y bien documentada, Ulsamer examina las contribuciones de estos médicos, contextualizando sus logros dentro de los avances científicos y sociales de sus respectivas épocas. La autora destaca no solo los descubrimientos médicos y las innovaciones que promovieron, sino también sus luchas personales, éticas y los desafíos que enfrentaron en un campo en constante evolución. Este enfoque permite una comprensión profunda de la medicina no solo como una ciencia, sino también como una práctica influenciada por factores culturales y sociales. El libro se convierte en un recurso valioso tanto para estudiantes de medicina como para lectores interesados en la historia de la salud, brindando una visión panorámica del impacto de estos profesionales en la humanidad y en la evolución de la medicina moderna.
653 _aBiografía
653 _aHistoria
653 _aMedicina
700 _aPons, Sebastián
_eAutor
942 _b2026/02/17
_cBK
999 _c9438
_d9438